[Event "Ricany op"]
[Site "Ricany"]
[Date "2023.09.01"]
[Round "8"]
[White "Stufka, Martin"]
[Black "Konvalinka, Vladislav"]
[Result "1-0"]
[WhiteElo "1258"]
[BlackElo "1705"]
[PlyCount "32"]
[EventDate "2023.08.26"]
[EventType "swiss"]
[EventRounds "9"]
[EventCountry "CZE"]
[SourceTitle "EXT 2024"]
[Source "ChessBase"]
[SourceDate "2023.10.10"]
[SourceVersion "1"]
[SourceVersionDate "2023.10.10"]
[SourceQuality "1"]

1. e4 c6 2. d4 d5 3. f3 Qb6 4. Nc3 dxe4 5. fxe4 e5 6. dxe5 Be6 7. Nf3 Ne7 8. Bg5 Ng6 9. Qd2 Nd7 10. Nd4 Ndxe5 11. Nxe6 fxe6 12. 0-0-0 Be7 13. Bxe7 Nxe7 14. Qd6 Ng4 15. Qxe6 Nf2 16. Bc4 Rf8 1-0

[Event "Ricany op"]
[Site "Ricany"]
[Date "2023.08.27"]
[Round "2"]
[White "Pechanek, Krystof Jan"]
[Black "Konvalinka, Vladislav"]
[Result "0-1"]
[WhiteElo "1493"]
[BlackElo "1705"]
[PlyCount "56"]
[EventDate "2023.08.26"]
[EventType "swiss"]
[EventRounds "9"]
[EventCountry "CZE"]
[SourceTitle "EXT 2024"]
[Source "ChessBase"]
[SourceDate "2023.10.10"]
[SourceVersion "1"]
[SourceVersionDate "2023.10.10"]
[SourceQuality "1"]

1. Nf3 d5 2. c4 e6 3. d4 a6 4. Nc3 dxc4 5. e4 b5 6. a3 Nf6 7. Bg5 Be7 8. Be2 Bb7 9. Bxf6 Bxf6 10. e5 Be7 11. b3 cxb3 12. Qxb3 0-0 13. 0-0 c5 14. Rfd1 c4 15. Qc2 Qc7 16. d5 exd5 17. Nxd5 Bxd5 18. Rxd5 Nc6 19. Qe4 Rad8 20. e6 Rxd5 21. exf7+ Rxf7 22. Qxd5 Qd6 23. Qe4 Rf4 24. Qe3 Nd4 25. Rd1 Nxe2+ 26. Qxe2 Qf6 27. Rd7 Bxa3 28. Qe8+ Bf8 0-1

[Event "Ricany op 20th"]
[Site "Ricany"]
[Date "2022.09.01"]
[Round "7"]
[White "Konvalinka, Vladislav"]
[Black "Mach, Jan1111"]
[Result "1/2-1/2"]
[WhiteElo "1764"]
[BlackElo "1737"]
[PlyCount "44"]
[EventDate "2022.08.27"]
[EventType "swiss"]
[EventRounds "9"]
[EventCountry "CZE"]
[SourceTitle "CBM 210 Extra"]
[Source "ChessBase"]
[SourceDate "2022.11.30"]
[SourceVersion "1"]
[SourceVersionDate "2022.11.30"]
[SourceQuality "1"]

1. d4 Nf6 2. c4 c5 3. dxc5 Qa5+ 4. Nd2 e6 5. Ngf3 Bxc5 6. e3 Nc6 7. Be2 0-0 8. 0-0 Qd8 9. b3 d5 10. Bb2 Re8 11. cxd5 exd5 12. Rc1 Bb6 13. Re1 Bf5 14. Nb1 Rc8 15. Nc3 d4 16. exd4 Nxd4 17. Nxd4 Bxd4 18. Na4 Bxb2 19. Rxc8 Qxc8 20. Nxb2 Qc2 21. Qxc2 Bxc2 22. Kf1 Bf5 1/2-1/2

[Event "Ricany op 20th"]
[Site "Ricany"]
[Date "2022.08.31"]
[Round "6"]
[White "Pisar, Tomas"]
[Black "Konvalinka, Vladislav"]
[Result "1-0"]
[WhiteElo "1624"]
[BlackElo "1764"]
[PlyCount "81"]
[EventDate "2022.08.27"]
[EventType "swiss"]
[EventRounds "9"]
[EventCountry "CZE"]
[SourceTitle "CBM 210 Extra"]
[Source "ChessBase"]
[SourceDate "2022.11.30"]
[SourceVersion "1"]
[SourceVersionDate "2022.11.30"]
[SourceQuality "1"]

1. d4 d5 2. Nf3 Nf6 3. g3 e6 4. Bg2 c6 5. 0-0 Nbd7 6. c4 Bd6 7. Nc3 0-0 8. b3 b6 9. Nd2 Bb7 10. e4 Bb4 11. Bb2 dxe4 12. Ndxe4 Rb8 13. a3 Bxc3 14. Bxc3 Nxe4 15. Bxe4 c5 16. Bxb7 Rxb7 17. Qf3 Rc7 18. Rad1 Qa8 19. Qf4 Qc8 20. d5 exd5 21. Rxd5 f6 22. Re1 Rf7 23. Red1 Nf8 24. Rd8 Qe6 25. Rxf8+ Kxf8 26. Rd8+ Qe8 27. Qd6+ Rfe7 28. Rxe8+ Kxe8 29. a4 Rcd7 30. Qc6 Kf7 31. Qf3 Re6 32. Kg2 g6 33. Qf4 Rd3 34. Qc1 Red6 35. Qc2 a5 36. Kf1 Rf3 37. Ke2 Rf5 38. f4 Ke6 39. Qe4+ Kd7 40. g4 Re6 41. Qxe6+ 1-0

[Event "Prague Golden 65+ op 17th"]
[Site "Prague"]
[Date "2022.07.16"]
[Round "8"]
[White "Pokorna, Jana"]
[Black "Konvalinka, Vladislav"]
[Result "1/2-1/2"]
[WhiteElo "1833"]
[BlackElo "1747"]
[PlyCount "39"]
[EventDate "2022.07.09"]
[EventType "swiss"]
[EventRounds "9"]
[EventCountry "CZE"]
[SourceTitle "CBM 209 Extra"]
[Source "ChessBase"]
[SourceDate "2022.09.30"]
[SourceVersion "1"]
[SourceVersionDate "2022.09.30"]
[SourceQuality "1"]

1. d4 d5 2. b3 Nf6 3. e3 Bf5 4. Bd3 Bxd3 5. Qxd3 e6 6. Nf3 Bd6 7. Nbd2 Nc6 8. a3 a6 9. Bb2 Qe7 10. 0-0 0-0 11. c4 Qd7 12. Ne5 Bxe5 13. dxe5 Ng4 14. Nf3 Rad8 15. Rfd1 Qe7 16. h3 dxc4 17. Qxc4 Nh6 18. b4 Rxd1+ 19. Rxd1 Rd8 20. Qc2 1/2-1/2

[Event "Prague op-B 20th"]
[Site "Prague"]
[Date "2022.01.11"]
[Round "6"]
[White "Huz, Valerii"]
[Black "Konvalinka, Vladislav"]
[Result "1-0"]
[WhiteElo "1376"]
[BlackElo "1796"]
[PlyCount "57"]
[EventDate "2022.01.07"]
[EventType "swiss"]
[EventRounds "9"]
[EventCountry "CZE"]
[SourceTitle "CBM 206 Extra"]
[Source "ChessBase"]
[SourceDate "2022.03.31"]
[SourceVersion "1"]
[SourceVersionDate "2022.03.31"]
[SourceQuality "1"]

1. e4 Nf6 2. e5 Nd5 3. c4 Nb6 4. d4 d6 5. exd6 exd6 6. Nc3 Be7 7. Bd3 0-0 8. Nge2 Bg4 9. f3 Bh5 10. Nf4 Bg6 11. Nxg6 hxg6 12. 0-0 Nc6 13. Be2 d5 14. c5 Nc8 15. Be3 Bf6 16. Qd2 N8e7 17. g4 Nc8 18. g5 Be7 19. f4 f5 20. Bf3 Kf7 21. Bxd5+ Ke8 22. Be6 b6 23. Qg2 Nxd4 24. Rad1 Bxc5 25. Rxd4 Bxd4 26. Qc6+ Ke7 27. Nd5+ Qxd5 28. Bxd5 Bxe3+ 29. Kg2 1-0

[Event "EUR-chT Seniors 65"]
[Site "Prague"]
[Date "2021.09.06"]
[Round "8.3"]
[White "Holst, Per"]
[Black "Konvalinka, Vladislav"]
[Result "1/2-1/2"]
[WhiteElo "2097"]
[BlackElo "1718"]
[PlyCount "142"]
[EventDate "2021.08.30"]
[EventType "team-swiss"]
[EventRounds "9"]
[EventCountry "CZE"]
[SourceTitle "CBM 204 Extra"]
[Source "ChessBase"]
[SourceDate "2021.11.30"]
[SourceVersion "1"]
[SourceVersionDate "2021.11.30"]
[SourceQuality "1"]
[WhiteTeam "Denmark SK 2012"]
[BlackTeam "Oldest Boys 65"]
[WhiteTeamCountry "DEN"]
[BlackTeamCountry "CZE"]

1. d4 d5 2. Nf3 Nf6 3. g3 e6 4. Bg2 c6 5. c4 Bd6 6. 0-0 0-0 7. Qc2 Nbd7 8. Nbd2 Re8 9. e4 dxe4 10. Ng5 Bc7 11. Rd1 e3 12. fxe3 h6 13. Nge4 e5 14. Nxf6+ Nxf6 15. Ne4 Nxe4 16. Bxe4 exd4 17. exd4 Bg4 18. Rd2 Qe7 19. Bh7+ Kh8 20. Rf2 Qe1+ 21. Rf1 Qe6 22. Bf5 Bxf5 23. Qxf5 Qd6 24. Qf2 Rad8 25. Bf4 Qd7 26. Bxc7 Qxc7 27. Rad1 Re7 28. Rd3 Rde8 29. Rd2 b6 30. Qf4 Qxf4 31. Rxf4 Kg8 32. Kf2 g5 33. Rf6 Re6 34. Rxe6 Rxe6 35. b4 Kf8 36. a4 Ke7 37. b5 Kd7 38. bxc6+ Rxc6 39. Rc2 Re6 40. Kf3 f5 41. a5 Re4 42. c5 bxc5 43. Rxc5 g4+ 44. Kf2 f4 45. gxf4 Rxf4+ 46. Ke3 Rf3+ 47. Ke4 Rh3 48. Rc2 g3 49. hxg3 Rxg3 50. Rh2 Rg6 51. Rf2 Re6+ 52. Kd3 a6 53. d5 Rg6 54. Rb2 Kc7 55. Kc4 h5 56. Kc5 Rg1 57. Rb6 Rc1+ 58. Kd4 Rd1+ 59. Ke4 Re1+ 60. Kf3 Rd1 61. Ke4 Re1+ 62. Kf4 Rd1 63. Ke5 Re1+ 64. Kf6 Rd1 65. Ke6 Re1+ 66. Kf5 Rd1 67. Ke4 Re1+ 68. Kd4 Rd1+ 69. Kc4 Rc1+ 70. Kb4 Rb1+ 71. Kc5 Rc1+ 1/2-1/2

[Event "Prague Macek Memorial 2nd"]
[Site "Prague"]
[Date "2021.07.18"]
[Round "9"]
[White "Konvalinka, Vladislav"]
[Black "Akerman, Jan"]
[Result "1-0"]
[WhiteElo "1743"]
[BlackElo "1510"]
[PlyCount "43"]
[EventDate "2021.07.10"]
[EventType "tourn"]
[EventRounds "9"]
[EventCountry "CZE"]
[SourceTitle "EXT 2022"]
[Source "ChessBase"]
[SourceDate "2021.10.06"]
[SourceVersion "1"]
[SourceVersionDate "2021.10.06"]
[SourceQuality "1"]

1. d4 Nf6 2. c4 g6 3. Nf3 Bg7 4. g3 0-0 5. Bg2 d5 6. cxd5 Nxd5 7. 0-0 e6 8. e4 Ne7 9. Nc3 Nbc6 10. Be3 Rb8 11. Qd2 b6 12. Rfd1 Re8 13. Bg5 f6 14. Bh6 g5 15. Bxg7 Kxg7 16. e5 h6 17. exf6+ Kxf6 18. h4 Rg8 19. hxg5+ hxg5 20. Ne4+ Kf7 21. Nfxg5+ Ke8 22. Nf6+ 1-0

[Event "Prague Macek Memorial 2nd"]
[Site "Prague"]
[Date "2021.07.14"]
[Round "5"]
[White "Konvalinka, Vladislav"]
[Black "Jakus, Lubomir"]
[Result "1/2-1/2"]
[WhiteElo "1743"]
[BlackElo "1472"]
[PlyCount "95"]
[EventDate "2021.07.10"]
[EventType "tourn"]
[EventRounds "9"]
[EventCountry "CZE"]
[SourceTitle "EXT 2022"]
[Source "ChessBase"]
[SourceDate "2021.10.06"]
[SourceVersion "1"]
[SourceVersionDate "2021.10.06"]
[SourceQuality "1"]

1. d4 d5 2. c4 c6 3. cxd5 cxd5 4. Bf4 Nc6 5. e3 e6 6. Nc3 a6 7. Rc1 Nf6 8. Bd3 Be7 9. h3 0-0 10. Nf3 Bd7 11. 0-0 b5 12. Bb1 Rc8 13. Qd3 Nb4 14. Qd1 a5 15. a3 Na6 16. Bd3 Qb6 17. Qe2 Nc7 18. Bxc7 Rxc7 19. Bxb5 Rfc8 20. Bxd7 Nxd7 21. Qd2 Qb3 22. Ne2 Nb6 23. Rxc7 Rxc7 24. Rc1 Nc4 25. Qc2 Rb7 26. Nd2 Qxc2 27. Rxc2 Rxb2 28. Rxb2 Nxb2 29. Nb1 Nc4 30. a4 Bb4 31. Nec3 Nb2 32. Kf1 f6 33. Ke2 Kf7 34. Kd2 e5 35. Kc2 exd4 36. Nxd5 Nxa4 37. Nxb4 axb4 38. exd4 Nb6 39. Kb3 Nd5 40. g3 Ke6 41. Nd2 f5 42. f4 h6 43. h4 Ne3 44. Kxb4 Kd5 45. Kc3 Nd1+ 46. Kd3 Nf2+ 47. Ke2 Ne4 48. Nxe4 1/2-1/2

[Event "Ricany op"]
[Site "Ricany"]
[Date "2020.08.24"]
[Round "4"]
[White "Popovsky, Ondrej"]
[Black "Konvalinka, Vladislav"]
[Result "1-0"]
[WhiteElo "1766"]
[BlackElo "1731"]
[PlyCount "76"]
[EventDate "2020.08.22"]
[EventType "swiss"]
[EventRounds "9"]
[EventCountry "CZE"]
[SourceTitle "CBM 198 Extra"]
[Source "ChessBase"]
[SourceDate "2020.11.30"]
[SourceVersion "1"]
[SourceVersionDate "2020.11.30"]
[SourceQuality "1"]

1. d4 d5 2. c4 c6 3. Nc3 Nf6 4. Nf3 e6 5. e3 Nbd7 6. Bd2 Bd6 7. Bd3 0-0 8. 0-0 e5 9. cxd5 cxd5 10. dxe5 Nxe5 11. Be2 Nc4 12. Nxd5 Bxh2+ 13. Nxh2 Qxd5 14. Bc3 Qxd1 15. Rfxd1 Be6 16. Bf3 Nd7 17. b3 Nce5 18. Bxb7 Rab8 19. Be4 f5 20. Bd5 Kf7 21. f4 Ng6 22. Bxe6+ Kxe6 23. Bxg7 Rg8 24. Bd4 Nh4 25. Rd2 Nf6 26. Bxf6 Kxf6 27. Rc1 Rbe8 28. Rc6+ Kg7 29. g3 Rxe3 30. Kf2 Re4 31. gxh4 Rxf4+ 32. Nf3 Kh8 33. Rc4 Rfg4 34. Ng5 f4 35. Rd7 Rxh4 36. Nf7+ Kg7 37. Rxa7 Kf6 38. Rc6+ Kf5 1-0

[Event "Prague-E"]
[Site "Prague"]
[Date "2019.03.16"]
[Round "9.3"]
[White "Konvalinka, Vladislav"]
[Black "Karlsson, Henrik"]
[Result "1/2-1/2"]
[WhiteElo "1669"]
[BlackElo "1690"]
[PlyCount "94"]
[EventDate "2019.03.09"]
[EventType "tourn"]
[EventRounds "9"]
[EventCountry "CZE"]
[SourceTitle "CBM 189 Extra"]
[Source "ChessBase"]
[SourceDate "2019.06.03"]
[SourceVersion "1"]
[SourceVersionDate "2019.06.03"]
[SourceQuality "1"]

1. d4 Nf6 2. c4 e6 3. g3 Bb4+ 4. Bd2 c5 5. Nf3 0-0 6. Nc3 b6 7. Bg2 Bb7 8. 0-0 cxd4 9. Nb5 Be7 10. Nbxd4 d6 11. b3 a6 12. Bc3 Nbd7 13. Rc1 Rc8 14. Bb2 Qc7 15. Re1 Qb8 16. Nc2 Rfd8 17. Ne3 Qa8 18. Ba3 Qb8 19. Rc2 Bf8 20. Qc1 Qa8 21. Rd1 d5 22. Bb2 Be7 23. cxd5 Rxc2 24. Qxc2 Nxd5 25. Nxd5 Bxd5 26. Qc7 Qb8 27. Qxb8 Rxb8 28. Ne5 Nf6 29. Nc6 Bxc6 30. Bxc6 Rc8 31. Rc1 Nd5 32. Bb7 Rxc1+ 33. Bxc1 a5 34. e4 Nc3 35. Be3 Bc5 36. Bd2 Nxa2 37. Kf1 Kf8 38. Ke2 Ke7 39. e5 Nb4 40. f3 Nd5 41. Kd3 h5 42. g4 hxg4 43. fxg4 Bg1 44. h3 Nc7 45. Bc6 Na6 46. Bg5+ f6 47. exf6+ gxf6 1/2-1/2

[Event "Ricany op-A"]
[Site "Ricany"]
[Date "2018.08.27"]
[Round "4"]
[White "Paldus, Jan"]
[Black "Konvalinka, Vladislav"]
[Result "1/2-1/2"]
[WhiteElo "1812"]
[BlackElo "1741"]
[PlyCount "44"]
[EventDate "2018.08.25"]
[EventType "swiss"]
[EventRounds "9"]
[EventCountry "CZE"]
[SourceTitle "EXT 2019"]
[Source "ChessBase"]
[SourceDate "2018.10.10"]
[SourceVersion "1"]
[SourceVersionDate "2018.10.10"]
[SourceQuality "1"]

1. e4 e6 2. d4 d5 3. Nc3 Nf6 4. exd5 exd5 5. Bg5 Be7 6. Nf3 Bg4 7. Be2 Nbd7 8. h3 Bf5 9. Bd3 Bxd3 10. Qxd3 h6 11. Bh4 0-0 12. 0-0 c6 13. Rfe1 Re8 14. Re2 Bd6 15. Rxe8+ Qxe8 16. Re1 Qf8 17. Ne5 Re8 18. f4 Nb6 19. Qg3 Be7 20. Ng4 Nxg4 21. Qxg4 f5 22. Qe2 Bxh4 1/2-1/2

[Event "Prague Golden op 14th"]
[Site "Prague"]
[Date "2018.07.07"]
[Round "8"]
[White "Zabehlicky, Jiri"]
[Black "Konvalinka, Vladislav"]
[Result "0-1"]
[WhiteElo "1490"]
[BlackElo "1725"]
[PlyCount "88"]
[EventDate "2018.06.30"]
[EventType "swiss"]
[EventRounds "9"]
[EventCountry "CZE"]
[SourceTitle "CBM 185 Extra"]
[Source "ChessBase"]
[SourceDate "2018.07.29"]
[SourceVersion "1"]
[SourceVersionDate "2018.07.29"]
[SourceQuality "1"]

1. e4 e6 2. d4 d5 3. Nd2 Nf6 4. e5 Nfd7 5. Ngf3 c5 6. c3 Nc6 7. Nb3 cxd4 8. cxd4 Qb6 9. Be2 a5 10. a4 Bb4+ 11. Kf1 0-0 12. g3 f6 13. exf6 Nxf6 14. Kg2 Bd7 15. h3 Be8 16. Be3 Ne4 17. Rc1 Be7 18. Rf1 Qb4 19. Nc5 Nxc5 20. dxc5 Qxb2 21. Rb1 Qa3 22. Rxb7 Rb8 23. Rxb8 Nxb8 24. Qb1 Bxa4 25. Bd3 Bxc5 26. Bxh7+ Kh8 27. Bxc5 Qxc5 28. Ng5 Qe7 29. Qg6 Rf6 30. Rb1 Nd7 31. Qh5 Rh6 32. Qg4 Bc6 33. Qf4 e5 34. Qf5 d4+ 35. Kg1 Rf6 36. Qg4 e4 37. Qh4 Rh6 38. Qf4 e3 39. Nf7+ Kxh7 40. Nxh6 gxh6 41. fxe3 dxe3 42. Re1 e2 43. Qf5+ Kh8 44. Qd3 Qc5+ 0-1